000 00479nam a2200193Ia 4500
003 GCL
008 140319s9999 xx 000 0 ara d
040 _aGCL /
_cGCL
082 0 4 _a814
_bا ط
100 1 _aالسيد فرج
245 1 0 _aطويل العمر /
_cالسيد فرج
300 _a112 ص
490 _a
650 0 4 _aالادب العربى
650 0 4 _aالمقالات العربية
650 0 4 _aالموت
650 0 4 _aالحياة
942 _2ddc
_cBK
999 _c40438
_d40438